| 000 | 01807nam a2200361 a 4500 | ||
|---|---|---|---|
| 001 | ebr10264152 | ||
| 003 | CaPaEBR | ||
| 006 | m u | ||
| 007 | cr cn||||||||| | ||
| 008 | 070627s2008 njua sb s001 0 eng | ||
| 010 | _z 2007026869 | ||
| 020 | _z9780813542676 (hardcover : alk. paper) | ||
| 040 |
_aCaPaEBR _cCaPaEBR |
||
| 035 | _a(OCoLC)310963552 | ||
| 043 | _an-us--- | ||
| 050 | 1 | 4 |
_aRC312.6.C4 _bC66 2008eb |
| 082 | 0 | 4 |
_a362.196/995 _222 |
| 100 | 1 |
_aConnolly, Cynthia A. _q(Cynthia Anne) |
|
| 245 | 1 | 0 |
_aSaving sickly children _h[electronic resource] : _bthe tuberculosis preventorium in American life, 1909-1970 / _cCynthia A. Connolly. |
| 260 |
_aNew Brunswick, N.J. : _bRutgers University Press, _cc2008. |
||
| 300 |
_axiii, 182 p. : _bill. |
||
| 490 | 1 | _aCritical issues in health and medicine | |
| 504 | _aIncludes bibliographical references and index. | ||
| 505 | 0 | _aChild-saving in the United States -- Tuberculosis: a children's disease -- Founding the preventorium -- The preventorium goes nationwide -- Science and the preventorium -- Tuberculosis in the "world of tomorrow" -- Conclusion: saving children, yesterday, today, and tomorrow. | |
| 533 |
_aElectronic reproduction. _bPalo Alto, Calif. : _cebrary, _d2013. _nAvailable via World Wide Web. _nAccess may be limited to ebrary affiliated libraries. |
||
| 650 | 0 |
_aTuberculosis in children _zUnited States _xPrevention _xHistory. |
|
| 650 | 0 |
_aTuberculosis _xHospitals _zUnited States _xHistory. |
|
| 650 | 0 |
_aChildren _xHospitals _zUnited States _xHistory. |
|
| 655 | 7 |
_aElectronic books. _2local |
|
| 710 | 2 | _aebrary, Inc. | |
| 830 | 0 | _aCritical issues in health and medicine. | |
| 856 | 4 | 0 |
_uhttp://site.ebrary.com/lib/rucke/Doc?id=10264152 _zAn electronic book accessible through the World Wide Web; click to view |
| 999 |
_c28401 _d28401 |
||